[Event "Championnat de France Junior Fille"]
[Site "CALVI"]
[Date "????.??.??"]
[Round "2.4"]
[White "Swiercz, Sandra"]
[Black "Chaumont, Adeline"]
[Result "1/2-1/2"]
[WhiteElo "1948"]
[BlackElo "2047"]
[PlyCount "117"]
[EventDate "2005.??.??"]
[SourceDate "2005.04.17"]

1. e4 e6 2. d4 d5 3. Nc3 Nf6 4. e5 Nfd7 5. f4 c5 6. Nf3 Nc6 7. Be3 a6 8. Qd2 b5
9. dxc5 Nxc5 10. Qf2 Nd7 11. Ne2 Qa5+ 12. c3 b4 13. Nfd4 bxc3 14. Nxc3 Nxd4 15.
Bxd4 Bb4 16. Be2 O-O 17. O-O Bc5 18. Bg4 Bxd4 19. Qxd4 Qc5 20. Qxc5 Nxc5 21. b4
Nd3 22. a3 Nb2 23. Be2 Bb7 24. Ra2 Nc4 25. Bxc4 dxc4 26. Na4 Bd5 27. Rc2 Rac8
28. Rd1 Rb8 29. Nc5 Rfc8 30. Nxa6 Rb6 31. Nc5 Ra8 32. Rc3 f6 33. exf6 gxf6 34.
Nd7 Rd6 35. Nxf6+ Kg7 36. Nxd5 Rxd5 37. Re1 Rd4 38. Rxe6 Rxf4 39. b5 Rd8 40.
Re1 Rd2 41. Rf1 Re4 42. h3 Rd3 43. Rf3 Re1+ 44. Kh2 Rb1 45. a4 Rb4 46. Ra3 Rd4
47. g4 Kg6 48. Kg3 h5 49. gxh5+ Kxh5 50. a5 Rxb5 51. a6 Rb8 52. Rf5+ Kg6 53.
Rf4 Rd3+ 54. Rxd3 cxd3 55. Rd4 Rb3 56. Kf2 Ra3 57. Rd6+ Kg5 58. Ke3 Kh4 59. Kd2
1/2-1/2

[Event "Championnat de France Junior Fille"]
[Site "CALVI"]
[Date "2005.04.18"]
[Round "2.5"]
[White "Levacic, Melissa"]
[Black "Marchais, Aurelie"]
[Result "1-0"]
[WhiteElo "1997"]
[BlackElo "1822"]
[PlyCount "47"]
[EventDate "2005.??.??"]
[SourceDate "2005.04.17"]

1. e4 c5 2. Nc3 Nc6 3. Bb5 g6 4. Bxc6 bxc6 5. d3 Bg7 6. f4 d6 7. Nf3 Nf6 8. O-O
a5 9. a4 Qb6 10. e5 dxe5 11. fxe5 Nd5 12. Qe1 O-O 13. Ne4 f6 14. exf6 exf6 15.
Qf2 c4 16. dxc4 Qxf2+ 17. Rxf2 Nb4 18. Nd6 Ba6 19. Nd4 Rad8 20. c5 Rfe8 21. Bf4
Re7 22. c3 f5 23. Bg5 Bxd4 24. cxd4 1-0

[Event "Championnat de France Junior"]
[Site "CALVI"]
[Date "????.??.??"]
[Round "3.1"]
[White "Cornette, Matthieu"]
[Black "Perez, Flavio"]
[Result "1/2-1/2"]
[WhiteElo "2362"]
[BlackElo "2237"]
[PlyCount "64"]
[EventDate "2005.??.??"]
[SourceDate "2005.04.17"]

1. e4 c5 2. Nf3 e6 3. d4 cxd4 4. Nxd4 Nc6 5. Nc3 Qc7 6. Be3 a6 7. Qd2 Nf6 8.
O-O-O Bb4 9. f3 Ne5 10. Nb3 b5 11. Qe1 Be7 12. f4 Nc4 13. e5 Ng4 14. Bd4 Nh6
15. Bd3 Bb7 16. Rg1 f5 17. h3 O-O 18. Qf2 d6 19. Bxc4 bxc4 20. Bb6 Qb8 21. Nd4
Qc8 22. exd6 Bxd6 23. Rge1 Re8 24. Re2 e5 25. Nf3 Bxf3 26. Qxf3 e4 27. Qe3 Qc6
28. Nd5 Rab8 29. Red2 Rxb6 30. Qxb6 Qxb6 31. Nxb6 Bxf4 32. Nxc4 Rd8 1/2-1/2

[Event "Championnat de France Junior"]
[Site "CALVI"]
[Date "????.??.??"]
[Round "3.2"]
[White "Terrieux, Kevin"]
[Black "Karim, Ismael"]
[Result "0-1"]
[WhiteElo "2300"]
[BlackElo "2230"]
[PlyCount "67"]
[EventDate "2005.??.??"]
[SourceDate "2005.04.17"]

1. e4 e5 2. Nc3 Nf6 3. g3 d5 4. exd5 Nxd5 5. Bg2 Nxc3 6. bxc3 Nc6 7. Ne2 Bc5 8.
d3 O-O 9. O-O Bb6 10. a4 a6 11. Be3 Bxe3 12. fxe3 Be6 13. Rb1 Rb8 14. c4 Qd6
15. Nc3 f5 16. Qe2 Nd8 17. Rb3 c6 18. Rfb1 Rc8 19. a5 Rc7 20. Na4 Rcf7 21. c5
Qc7 22. Rb6 f4 23. Be4 Qe7 24. R6b4 Qg5 25. exf4 exf4 26. Qd2 Bh3 27. Bg2 Bxg2
28. Qxg2 fxg3 29. Qxg3 Qd2 30. Re4 Rf3 31. Qg2 Rf2 32. Qg3 R2f6 33. Rg4 Qe2 34.
Qg2 0-1

[Event "Championnat de France Junior"]
[Site "CALVI"]
[Date "????.??.??"]
[Round "3.3"]
[White "Vitoux, Colomban"]
[Black "Mourot, Felix"]
[Result "0-1"]
[WhiteElo "2265"]
[BlackElo "2186"]
[PlyCount "80"]
[EventDate "2005.??.??"]
[SourceDate "2005.04.17"]

1. e4 c5 2. Nf3 Nc6 3. d4 cxd4 4. Nxd4 g6 5. Nc3 Bg7 6. Be3 Nf6 7. Nxc6 bxc6 8.
e5 Nd5 9. Nxd5 cxd5 10. Qxd5 Rb8 11. Bxa7 Bb7 12. Qb5 Bxg2 13. Qxb8 Qxb8 14.
Bxb8 Bxh1 15. O-O-O O-O 16. Ba7 Bxe5 17. Rxd7 Bd6 18. Be3 Ra8 19. Ra7 Rxa7 20.
Bxa7 Bxh2 21. b4 h5 22. b5 h4 23. Be3 Bf3 24. Bg5 f6 25. Bxh4 Bf4+ 26. Kb2 Be5+
27. c3 Bc7 28. Bd3 g5 29. Bg3 Bb6 30. Bf5 Kf7 31. Bd7 e6 32. c4 Ke7 33. Bc8 f5
34. Be5 f4 35. a4 Bxf2 36. a5 Kd8 37. Bxe6 g4 38. Bxf4 g3 39. Bxg3 Bxg3 40. Ka3
Bd6+ {tombe} 0-1

[Event "Championnat de France Junior"]
[Site "CALVI"]
[Date "????.??.??"]
[Round "3.5"]
[White "Jessel, Stephen"]
[Black "Sorin, Baptiste"]
[Result "1-0"]
[WhiteElo "2256"]
[BlackElo "2082"]
[PlyCount "77"]
[EventDate "2005.??.??"]
[SourceDate "2005.04.17"]

1. e4 c5 2. Nf3 Nc6 3. d4 cxd4 4. Nxd4 Nf6 5. Nc3 d6 6. Be2 e5 7. Nf3 h6 8. O-O
Be7 9. Re1 O-O 10. h3 Kh8 11. Bf1 Ne8 12. Nd5 f5 13. exf5 Bxf5 14. Bd3 Qd7 15.
c4 Nc7 16. Bxf5 Rxf5 17. Nxe7 Qxe7 18. Nd2 Ne6 19. Ne4 Ncd4 20. Be3 Rd8 21. Qg4
Rf7 22. Rad1 b6 23. Rd2 d5 24. cxd5 Rxd5 25. Nc3 Rd8 26. f4 Nxf4 27. Bxf4 Nf3+
28. gxf3 Rxf4 29. Qxf4 exf4 30. Rxe7 Rxd2 31. Re2 Rd3 32. Kf2 Kh7 33. Ne4 Rd1
34. Re1 Rd5 35. Rc1 a5 36. Rc6 Rb5 37. b3 Rb4 38. Nc3 Rd4 39. Ke2 1-0

[Event "Championnat de France Junior"]
[Site "CALVI"]
[Date "????.??.??"]
[Round "3.6"]
[White "Boursier, Julien"]
[Black "Bijaoui, Manuel"]
[Result "1/2-1/2"]
[WhiteElo "2056"]
[BlackElo "2345"]
[PlyCount "43"]
[EventDate "2005.??.??"]
[SourceDate "2005.04.17"]

1. d4 Nf6 2. Nf3 g6 3. Bg5 Bg7 4. Nbd2 O-O 5. e4 d6 6. Bc4 Nc6 7. c3 h6 8. Bh4
e5 9. dxe5 Nxe5 10. Nxe5 dxe5 11. O-O c6 12. Qe2 Qb6 13. Nf3 Bg4 14. h3 Bxf3
15. Qxf3 Qc5 16. Bb3 Qe7 17. Rad1 Rfd8 18. Rxd8+ Rxd8 19. Bxf6 Qxf6 20. Qxf6
Bxf6 21. Rd1 Rxd1+ 22. Bxd1 1/2-1/2

[Event "Championnat de France Junior"]
[Site "CALVI"]
[Date "????.??.??"]
[Round "3.7"]
[White "Laval, Brice"]
[Black "Tournier, Mathieu"]
[Result "1/2-1/2"]
[WhiteElo "2163"]
[BlackElo "2202"]
[PlyCount "49"]
[EventDate "2005.??.??"]
[SourceDate "2005.04.17"]

1. e4 e5 2. Nf3 Nc6 3. c3 d5 4. Qa4 Qd6 5. exd5 Qxd5 6. d4 Bd7 7. Qc4 Qxc4 8.
Bxc4 exd4 9. cxd4 Bb4+ 10. Nc3 Bg4 11. Ne5 Nxe5 12. dxe5 O-O-O 13. O-O f6 14.
Nd5 Bc5 15. Bf4 Ne7 16. Nxe7+ Bxe7 17. Rac1 Rd4 18. Bg3 Bc5 19. h3 Bf5 20. Rfe1
Bb6 21. Bf7 fxe5 22. Rxe5 Bd7 23. Rd5 Rxd5 24. Bxd5 Re8 25. Bf3 1/2-1/2

[Event "Championnat de France Junior"]
[Site "CALVI"]
[Date "????.??.??"]
[Round "3.8"]
[White "Mora, Pascal"]
[Black "Gregoire, Sylvain"]
[Result "0-1"]
[WhiteElo "2032"]
[BlackElo "2280"]
[PlyCount "52"]
[EventDate "2005.??.??"]
[SourceDate "2005.04.17"]

1. e4 c5 2. Nf3 Nc6 3. d4 cxd4 4. Nxd4 e5 5. Nb3 Nf6 6. Nc3 Bb4 7. Bc4 O-O 8.
O-O Ne7 9. Bg5 Bxc3 10. Bxf6 gxf6 11. bxc3 Qc7 12. Qd3 d6 13. f4 exf4 14. Nd4
Ng6 15. Bb3 Qc5 16. Kh1 Bd7 17. Ne2 Qe5 18. Bd5 Bc6 19. Bxc6 bxc6 20. Nd4 Rfe8
21. Rae1 Rac8 22. Re2 c5 23. Nf5 Re6 24. Qh3 Kh8 25. Rd1 f3 26. Qxf3 Rg8 {
suite illisible,gain au 142eme} 0-1

[Event "Championnat de France Junior"]
[Site "CALVI"]
[Date "????.??.??"]
[Round "3.9"]
[White "Pietrasanta, Jeremy"]
[Black "Giraudo, Samuel"]
[Result "1-0"]
[WhiteElo "2220"]
[BlackElo "2030"]
[PlyCount "50"]
[EventDate "2005.??.??"]
[SourceDate "2005.04.17"]

1. e4 c6 2. d3 d5 3. Nd2 e5 4. Ngf3 Bd6 5. g3 Nf6 6. Bg2 O-O 7. O-O Nbd7 8. b3
Re8 9. Bb2 Qc7 10. Re1 Nf8 11. a3 Bg4 12. h3 Bd7 13. Nh4 Rad8 14. Nf5 Bc5 15.
b4 Bb6 16. Qf3 d4 17. Nh6+ gxh6 18. Qxf6 Re6 19. Qf3 Rg6 20. Qe2 Ne6 21. Kh2
Kh8 22. Nf3 Rdg8 23. Rg1 Qd8 24. Bc1 Qf8 25. Bd2 Bd8 {suite illisible} 1-0

[Event "Championnat de France Junior"]
[Site "CALVI"]
[Date "????.??.??"]
[Round "3.10"]
[White "Cwiek, Loic"]
[Black "Pucher, Sebastien"]
[Result "0-1"]
[WhiteElo "2024"]
[BlackElo "2181"]
[PlyCount "48"]
[EventDate "2005.??.??"]
[SourceDate "2005.04.17"]

1. d4 Nf6 2. c4 g6 3. Nc3 d5 4. Bg5 Ne4 5. cxd5 Nxc3 6. bxc3 Qxd5 7. Nf3 Bg7 8.
Qb3 Qa5 9. e3 c5 10. Bc4 e6 11. O-O Nc6 12. Rad1 O-O 13. e4 cxd4 14. cxd4 Nxd4
15. Nxd4 Qxg5 16. Nb5 b6 17. Nd6 Qc5 18. Qf3 Be5 19. Nxc8 Qxc4 20. Ne7+ Kh8 21.
Rd7 a5 22. Qh3 Qxe4 23. Qb3 Rab8 24. Rc1 Qf4 0-1

[Event "Championnat de France Junior Fille"]
[Site "CALVI"]
[Date "????.??.??"]
[Round "3.1"]
[White "Marchais, Aurelie"]
[Black "Penalver, Marion"]
[Result "0-1"]
[WhiteElo "1822"]
[BlackElo "1902"]
[PlyCount "89"]
[EventDate "2005.??.??"]
[SourceDate "2005.04.17"]

1. e4 c5 2. Nf3 Nc6 3. d4 cxd4 4. Nxd4 Nf6 5. Nc3 e5 6. Nde2 Bc5 7. g3 Ng4 8.
Nd4 Nxf2 9. Kxf2 Nxd4 10. Kg2 O-O 11. Nd5 f5 12. c3 Ne6 13. exf5 Rxf5 14. Be3
Qf8 15. Qd2 e4 16. Bc4 Kh8 17. Raf1 Rf3 18. Be2 Bxe3 19. Nxe3 Ng5 20. h4 Ne6
21. Bxf3 exf3+ 22. Rxf3 Qe7 23. Rhf1 b6 24. Rf7 Bb7+ 25. Kh2 Qc5 26. Rxd7 Qc6
27. Qd5 Qxd5 28. Nxd5 Nc5 29. Nc7 Nxd7 30. Nxa8 Bxa8 31. Rf7 Bc6 32. b4 Kg8 33.
Rf2 Ne5 34. Rf4 Nf3+ 35. Kh3 h5 36. Rc4 Ne5 37. Rd4 Nf3 38. Rd6 Be4 39. c4 Ng1+
40. Kh2 Nf3+ 41. Kh3 Bb1 42. a3 Ba2 43. c5 bxc5 44. bxc5 Bc4 45. c6 0-1

[Event "Championnat de France Junior Fille"]
[Site "CALVI"]
[Date "????.??.??"]
[Round "3.2"]
[White "Chaumont, Adeline"]
[Black "Levacic, Melissa"]
[Result "1-0"]
[WhiteElo "2047"]
[BlackElo "1997"]
[PlyCount "125"]
[EventDate "2005.??.??"]
[SourceDate "2005.04.17"]

1. d4 Nf6 2. c4 e6 3. Nc3 Bb4 4. Qc2 d5 5. cxd5 Qxd5 6. Nf3 Qf5 7. Qxf5 exf5 8.
a3 Be7 9. Bf4 c6 10. e3 Be6 11. Bd3 h6 12. e4 fxe4 13. Nxe4 Nxe4 14. Bxe4 Nd7
15. O-O Nf6 16. Bc2 O-O 17. Rfe1 Rfd8 18. h3 Kf8 19. Rad1 Rac8 20. Ne5 c5 21.
dxc5 Rxd1 22. Bxd1 Bxc5 23. Bf3 Bd5 24. Bxd5 Nxd5 25. Nd7+ Kg8 26. Bg3 f6 27.
Rd1 Nb6 28. Nxc5 Rxc5 29. Rd8+ Kh7 30. Rb8 Rc1+ 31. Kh2 Rc2 32. Rxb7 Rxb2 33.
Rxa7 Ra2 34. h4 Kg6 35. Kh3 h5 36. Ra6 Nc4 37. Ra4 Nd2 38. Bd6 f5 39. Ra6 Kf7
40. Ra7+ Ke6 41. Bf8 g6 42. f3 f4 43. Bh6 Ra1 44. Bxf4 Rh1+ 45. Kg3 Nf1+ 46.
Kf2 Rxh4 47. g3 Nxg3 48. Kxg3 Rh1 49. Kg2 Ra1 50. Bg5 Kf5 51. Ra5+ Ke6 52. f4
Ra2+ 53. Kf3 Ra1 54. Ra6+ Kf7 55. a4 Ra3+ 56. Ke4 Ra1 57. Ra7+ Kf8 58. Ke5 Rf1
59. a5 Rc1 60. Rd7 Ke8 61. Rd6 Rc5+ 62. Ke6 Kf8 63. a6 1-0

[Event "Championnat de France Junior Fille"]
[Site "CALVI"]
[Date "????.??.??"]
[Round "3.3"]
[White "Benmesbah, Sarah"]
[Black "Swiercz, Sandra"]
[Result "0-1"]
[WhiteElo "1800"]
[BlackElo "1948"]
[PlyCount "109"]
[EventDate "2005.??.??"]
[SourceDate "2005.04.17"]

1. e4 c5 2. Nc3 Nc6 3. f4 g6 4. Nf3 Bg7 5. a3 e6 6. b4 b6 7. Bb5 Nd4 8. Rb1 Ne7
9. O-O O-O 10. Kh1 Bb7 11. Ba4 cxb4 12. Rxb4 Nxf3 13. Rxf3 Nc6 14. Rb1 Nd4 15.
Rf2 a6 16. Qe1 b5 17. d3 Qc7 18. Bb3 Rac8 19. Bd2 Nxc2 20. Nxb5 axb5 21. Bxc2
Qxc2 22. Bb4 Qxd3 23. Bxf8 Bxf8 24. e5 Qxa3 25. h3 b4 26. Qd1 Bc6 27. Kh2 Bd5
28. Ra1 Qe3 29. Qf1 Bc4 30. Qe1 Qxe1 31. Rxe1 Bd5 32. Ra1 d6 33. Raf1 b3 34. g4
Rc2 35. Kg1 Rxf2 36. Kxf2 dxe5 37. fxe5 b2 38. Ke3 Ba2 39. Kf4 b1=Q 40. Rxb1
Bxb1 41. Kf3 Bc5 42. Kf4 Bd4 43. h4 Kg7 44. h5 gxh5 45. gxh5 Kh6 46. Kg4 Bxe5
47. Kh4 f5 48. Kh3 f4 49. Kg2 Be4+ 50. Kg1 f3 51. Kf1 Bd4 52. Ke1 f2+ 53. Ke2
Bg2 54. Kd2 f1=Q 55. Kc2 0-1

[Event "Championnat de France Junior Fille"]
[Site "CALVI"]
[Date "????.??.??"]
[Round "3.4"]
[White "Ficet, Aline"]
[Black "Wolfangel, Florence"]
[Result "0-1"]
[WhiteElo "1730"]
[BlackElo "1926"]
[PlyCount "56"]
[EventDate "2005.??.??"]
[SourceDate "2005.04.17"]

1. e4 e6 2. d4 d5 3. exd5 exd5 4. c4 Nf6 5. Bg5 c6 6. a3 Be7 7. Nf3 O-O 8. c5
b6 9. b4 a5 10. Nc3 Re8 11. Be2 Ba6 12. O-O Bxe2 13. Nxe2 axb4 14. axb4 Rxa1
15. Qxa1 bxc5 16. bxc5 Bxc5 17. Ng3 Be7 18. Nf5 Bb4 19. Ne3 h6 20. Bf4 Ne4 21.
Rb1 Bd6 22. Ne5 Qf6 23. Bg3 Nxg3 24. N3g4 Ne2+ 25. Kf1 Qe6 26. g3 f6 27. Nxf6+
gxf6 28. Kxe2 fxe5 0-1

[Event "Championnat de France Junior Fille"]
[Site "CALVI"]
[Date "????.??.??"]
[Round "3.5"]
[White "Huisman, Chloe"]
[Black "Roos, Eliane"]
[Result "1-0"]
[WhiteElo "2017"]
[BlackElo "1950"]
[PlyCount "55"]
[EventDate "2005.??.??"]
[SourceDate "2005.04.17"]

1. Nf3 d5 2. g3 Nf6 3. Bg2 c5 4. O-O Nc6 5. d3 e5 6. Nc3 Be7 7. e4 d4 8. Ne2 h6
9. h3 Be6 10. Nd2 Qd7 11. Kh2 Nh7 12. f4 f5 13. exf5 Bxf5 14. Nc4 O-O-O 15.
fxe5 Be6 16. Nf4 Ng5 17. Ng6 Bxh3 18. Bxc6 bxc6 19. Rf2 Rh7 20. Qh1 Be6 21.
Nxe7+ Qxe7 22. Qxc6+ Kb8 23. Nd6 Nf7 24. Qxc5 Nxd6 25. exd6 Qd7 26. Bf4 g5 27.
Be5 Ka8 28. Raf1 1-0

[Event "Championnat de France Junior"]
[Site "CALVI"]
[Date "????.??.??"]
[Round "4.1"]
[White "Karim, Ismael"]
[Black "Jessel, Stephen"]
[Result "1-0"]
[WhiteElo "2230"]
[BlackElo "2256"]
[PlyCount "91"]
[EventDate "2005.??.??"]
[SourceDate "2005.04.17"]

1. e4 e6 2. d4 d5 3. Nc3 Nf6 4. Bg5 Bb4 5. e5 h6 6. Be3 Ne4 7. Qg4 g6 8. a3
Bxc3+ 9. bxc3 Nxc3 10. Bd3 Qe7 11. h4 Bd7 12. h5 g5 13. Nh3 Nc6 14. f4 gxf4 15.
Bf2 Qf8 16. Qxf4 O-O-O 17. Bh4 Re8 18. O-O Rg8 19. Bf6 Ne7 20. Kh2 Ne4 21. Bxe4
dxe4 22. g4 Bb5 23. Rg1 Nd5 24. Qxe4 Nxf6 25. exf6 Qd6+ 26. Qe5 Qxe5+ 27. dxe5
Rd8 {Diagramme #} 28. g5 Rd2+ 29. Rg2 Rxg2+ 30. Kxg2 hxg5 31. Kg3 Rh8 32. a4
Bc6 33. Nxg5 Rxh5 34. Kg4 Rh2 35. Nxf7 Kd7 $11 36. Rd1+ Ke8 37. Ng5 Rg2+ 38.
Kh5 a5 39. Rd3 Bxa4 40. Nxe6 Bxc2 41. Rd8+ Kf7 42. Ng5+ Rxg5+ 43. Kxg5 a4 44.
Rd7+ Kf8 45. e6 a3 46. Rd8# 1-0

[Event "Championnat de France Junior"]
[Site "CALVI"]
[Date "????.??.??"]
[Round "4.2"]
[White "Mourot, Felix"]
[Black "Cornette, Matthieu"]
[Result "0-1"]
[WhiteElo "2186"]
[BlackElo "2362"]
[PlyCount "64"]
[EventDate "2005.??.??"]
[SourceDate "2005.04.17"]

1. d4 Nf6 2. c4 e6 3. Nf3 c5 4. d5 exd5 5. cxd5 d6 6. Nc3 g6 7. h3 a6 8. a4 Qe7
9. Bf4 Nh5 10. Bh2 f5 11. e3 Bh6 12. Be2 f4 13. e4 Nd7 14. Nd2 Nhf6 15. Nc4 O-O
16. f3 Rb8 17. Bg1 b6 18. Qb3 Nh5 19. Bf2 Bg7 20. O-O-O Ne5 21. Rhg1 b5 22.
axb5 axb5 23. Na5 Qf7 24. Bxb5 Ba6 25. Qa4 Bxb5 26. Nxb5 Qd7 27. Nc6 Nxc6 28.
dxc6 Qxc6 29. Qc4+ d5 30. Qxd5+ Qxd5 31. Rxd5 Rxb5 32. Rd2 Ra8 0-1

[Event "Championnat de France Junior"]
[Site "CALVI"]
[Date "????.??.??"]
[Round "4.3"]
[White "Perez, Flavio"]
[Black "Flament, Francois"]
[Result "1/2-1/2"]
[WhiteElo "2237"]
[BlackElo "2159"]
[PlyCount "32"]
[EventDate "2005.??.??"]
[SourceDate "2005.04.17"]

1. e4 c5 2. Nc3 Nc6 3. g3 g6 4. d3 Bg7 5. Be3 d6 6. Bg2 e6 7. Qd2 Qa5 8. Nge2
Nd4 9. Nc1 Ne7 10. O-O Bd7 11. Nb3 Qc7 12. Nc1 Qa5 13. Nb3 Qb6 14. f4 O-O 15.
Ne2 Nxb3 16. axb3 Nc6 1/2-1/2

[Event "Championnat de France Junior"]
[Site "CALVI"]
[Date "????.??.??"]
[Round "4.4"]
[White "Fargere, Francois"]
[Black "Bijaoui, Manuel"]
[Result "1-0"]
[WhiteElo "2259"]
[BlackElo "2345"]
[PlyCount "79"]
[EventDate "2005.??.??"]
[SourceDate "2005.04.17"]

1. e4 c5 2. Nf3 d6 3. d4 cxd4 4. Nxd4 Nf6 5. Nc3 a6 6. Bc4 e6 7. Bb3 Nbd7 8. f4
Nc5 9. e5 dxe5 10. fxe5 Nxb3 11. axb3 Bc5 12. Ndb5 Nd7 13. Nd6+ Bxd6 14. Qxd6
Qe7 {Diagramme #} 15. Nb5 Qxd6 16. exd6 O-O 17. Nc7 Rb8 18. Be3 b6 19. O-O a5
20. b4 axb4 21. Ra4 b3 22. c4 Ne5 23. Rb4 Bd7 24. Bf4 Nc6 25. Rxb3 e5 26. Be3
f5 27. Na6 Ra8 28. Rxb6 f4 29. Bf2 Na5 30. Nc7 Rab8 31. Rc1 e4 32. b4 Nb3 33.
Rc3 Nd2 34. Rxb8 Rxb8 35. Be1 e3 36. b5 Bg4 37. Nd5 Ne4 38. Rd3 Nxd6 39. Ne7+
Kf8 40. Nc6 1-0

[Event "Championnat de France Junior"]
[Site "CALVI"]
[Date "????.??.??"]
[Round "4.5"]
[White "Boizante, Yvain"]
[Black "Terrieux, Kevin"]
[Result "0-1"]
[WhiteElo "2160"]
[BlackElo "2300"]
[PlyCount "58"]
[EventDate "2005.??.??"]
[SourceDate "2005.04.17"]

1. e4 c5 2. Nf3 Nc6 3. Bb5 g6 4. Bxc6 dxc6 5. O-O Bg7 6. d3 e5 7. Be3 Qe7 8. h3
Nf6 9. Nfd2 Nd7 10. a4 O-O 11. a5 f5 12. f3 f4 13. Bf2 Rb8 14. Nc4 g5 15. b4 h5
16. Re1 cxb4 17. Bxa7 Ra8 18. Bf2 b5 19. Nb6 Nxb6 20. Bxb6 g4 21. hxg4 hxg4 22.
Kf1 Qh4 23. Bf2 Qh1+ 24. Bg1 Bf6 25. Qe2 Kg7 26. Nd2 g3 27. d4 Rh8 28. Qd3 Rh2
29. Re2 Be6 0-1

[Event "Championnat de France Junior"]
[Site "CALVI"]
[Date "????.??.??"]
[Round "4.8"]
[White "Stubbe, Damien"]
[Black "Pietrasanta, Jeremy"]
[Result "0-1"]
[WhiteElo "1784"]
[BlackElo "2220"]
[PlyCount "66"]
[EventDate "2005.??.??"]
[SourceDate "2005.04.17"]

1. d4 Nf6 2. Nf3 e6 3. c4 Bb4+ 4. Bd2 Bxd2+ 5. Nbxd2 d6 6. e4 Nc6 7. a3 e5 8.
d5 Ne7 9. Be2 O-O 10. O-O Nd7 11. b4 g6 12. Nb3 f5 13. exf5 gxf5 14. Ng5 Nf6
15. f4 h6 16. fxe5 hxg5 17. exf6 Rxf6 18. Qd2 f4 19. Bd3 Qf8 20. Rac1 Bd7 21.
Qe2 Re8 22. Qh5 $11 Qg7 23. h4 gxh4 24. Qxh4 Ref8 25. Nd4 Ng6 26. Qg5 Ne5 27.
Qxg7+ Kxg7 28. Be2 Rh8 29. c5 Kf7 30. Nf3 $11 Re8 31. Nxe5+ Rxe5 32. Bf3 Rg5
33. Rc2 Bb5 {temps?} 0-1

[Event "Championnat de France Junior"]
[Site "CALVI"]
[Date "????.??.??"]
[Round "4.9"]
[White "Tournier, Mathieu"]
[Black "Korman, Remi"]
[Result "1-0"]
[WhiteElo "2202"]
[BlackElo "2035"]
[PlyCount "41"]
[EventDate "2005.??.??"]
[SourceDate "2005.04.17"]

1. e4 c5 2. c3 e6 3. d4 Nf6 4. e5 Nd5 5. Nf3 cxd4 6. cxd4 d6 7. exd6 Bxd6 8.
Nc3 Nd7 9. Bc4 Nxc3 10. bxc3 Qc7 11. Qd3 O-O 12. O-O e5 13. Bb3 Nf6 14. dxe5
Bxe5 15. Ba3 Re8 16. Rae1 Bg4 {Diagramme #} 17. Rxe5 Rxe5 18. Bd6 Bxf3 19. Bxc7
Be2 20. Qd2 Re7 21. Re1 1-0

[Event "Championnat de France Junior Fille"]
[Site "CALVI"]
[Date "????.??.??"]
[Round "4.2"]
[White "Wolfangel, Florence"]
[Black "Huisman, Chloe"]
[Result "1/2-1/2"]
[WhiteElo "1926"]
[BlackElo "2017"]
[PlyCount "75"]
[EventDate "2005.??.??"]
[SourceDate "2005.04.17"]

1. d4 Nf6 2. c4 g6 3. Nc3 Bg7 4. e4 d6 5. Nf3 O-O 6. Be2 e5 7. O-O Na6 8. a3
Qe8 9. d5 h6 10. Nd2 Nd7 11. b4 f5 12. f3 f4 13. Nb3 g5 14. Nb5 Rf7 15. Bd2 Bf8
16. Rc1 Rg7 17. Be1 Nf6 18. Kh1 g4 19. g3 gxf3 20. Bxf3 Ng4 21. Qe2 fxg3 22.
Bxg3 Be7 23. c5 Bg5 24. Rc3 Bd7 25. c6 bxc6 26. dxc6 Be6 27. Bxg4 Bxg4 $11 28.
Qxg4 Bd2 29. Qf3 Bxc3 30. Nxc3 Qxc6 31. b5 Qc4 32. Nd5 Qxb5 33. Nf6+ Kh8 34.
Nh5 Rg6 35. Bh4 Qc4 36. Bf6+ Kh7 37. Nd2 Qd4 38. Nb3 1/2-1/2

[Event "Championnat de France Junior Fille"]
[Site "CALVI"]
[Date "????.??.??"]
[Round "4.3"]
[White "Swiercz, Sandra"]
[Black "Ficet, Aline"]
[Result "1/2-1/2"]
[WhiteElo "1948"]
[BlackElo "1730"]
[PlyCount "36"]
[EventDate "2005.??.??"]
[SourceDate "2005.04.17"]

1. e4 c6 2. d4 d5 3. Nd2 dxe4 4. Nxe4 Bf5 5. Ng3 Bg6 6. f4 e6 7. Nf3 Nd7 8. Bd3
Bxd3 9. Qxd3 Ngf6 10. Bd2 Qc7 11. O-O Bd6 12. Ne5 Rd8 13. Qe2 O-O 14. Rad1 c5
15. Bc3 Nd5 16. Ne4 Nxc3 17. bxc3 Be7 18. Rf3 Nf6 1/2-1/2

[Event "Championnat de France Junior Fille"]
[Site "CALVI"]
[Date "????.??.??"]
[Round "4.4"]
[White "Levacic, Melissa"]
[Black "Benmesbah, Sarah"]
[Result "1-0"]
[WhiteElo "1997"]
[BlackElo "1800"]
[PlyCount "105"]
[EventDate "2005.??.??"]
[SourceDate "2005.04.17"]

1. e4 e5 2. Nf3 Nc6 3. Bb5 Nf6 4. d3 a6 5. Bxc6 dxc6 6. Nxe5 Bd6 7. Nf3 Bg4 8.
O-O Qd7 9. e5 Bxe5 10. Nxe5 Bxd1 11. Nxd7 Bxc2 12. Nxf6+ gxf6 13. Re1+ Kd7 14.
d4 Rhe8 15. Rxe8 Rxe8 16. Be3 f5 17. Nc3 Re6 18. Rc1 Bd3 19. d5 Rg6 20. Rd1 Be4
21. Nxe4 fxe4 22. Bf4 Kc8 23. dxc6 Rxc6 24. Rc1 Rxc1+ 25. Bxc1 Kd7 26. Kf1 Kc6
27. Bf4 Kd7 28. Ke2 c5 29. Ke3 f5 30. g4 Ke6 31. gxf5+ Kxf5 32. Bd6 b6 33. Bc7
b5 34. Bd6 c4 35. Kd4 h5 36. Kc5 h4 37. h3 Ke6 38. Bb8 Kf5 39. Kd4 a5 40. Kc5
Ke6 41. Kxb5 Kd5 42. Ba7 Ke5 43. Kxc4 Kf4 44. Be3+ Kf3 45. Bg5 Kg2 46. Kd4 Kxh3
47. Kxe4 Kg4 48. Bxh4 Kxh4 49. f4 Kh5 50. Kf5 a4 51. b4 axb3 52. axb3 Kh6 53.
Ke6 1-0

[Event "Championnat de France Junior Fille"]
[Site "CALVI"]
[Date "????.??.??"]
[Round "4.5"]
[White "Marchais, Aurelie"]
[Black "Chaumont, Adeline"]
[Result "0-1"]
[WhiteElo "1822"]
[BlackElo "2047"]
[PlyCount "64"]
[EventDate "2005.??.??"]
[SourceDate "2005.04.17"]

1. e4 e6 2. d4 d5 3. exd5 exd5 4. Bd3 Bd6 5. Ne2 Nf6 6. O-O O-O 7. Bf4 c6 8.
Nd2 Bxf4 9. Nxf4 Qd6 10. Ne2 Bg4 11. h3 Bh5 12. g4 Bg6 13. Bxg6 fxg6 14. Ng3
Nbd7 15. c3 Rf7 16. Qc2 Raf8 17. Kg2 Ne8 18. Rae1 Nc7 19. Qd3 Ne6 20. Ne2 c5
21. Qg3 Qb6 22. dxc5 Ndxc5 23. b3 Qa6 24. Nc1 Nf4+ 25. Kg1 Ncd3 26. Nxd3 Nxd3
27. Re2 Nf4 28. Re3 Ne2+ 29. Rxe2 Qxe2 30. Qe3 Qa6 31. a4 Qc6 32. Re1 Rxf2 0-1

[Event "Championnat de France Junior"]
[Site "CALVI"]
[Date "2005.04.20"]
[Round "5.1"]
[White "Cornette, Matthieu"]
[Black "Karim, Ismael"]
[Result "1-0"]
[WhiteElo "2362"]
[BlackElo "2230"]
[PlyCount "127"]
[EventDate "2005.??.??"]
[SourceDate "2005.04.17"]

1. e4 e5 2. Nf3 Nc6 3. Bc4 Nf6 4. Ng5 d5 5. exd5 Na5 6. Bb5+ c6 7. dxc6 bxc6 8.
Be2 h6 9. Nf3 e4 10. Ne5 Bd6 11. f4 Bxe5 12. fxe5 Ng4 13. Bxg4 Qh4+ 14. g3 Qxg4
15. Qxg4 Bxg4 16. O-O O-O 17. Nc3 e3 18. d3 e2 19. Re1 Rfe8 20. Kg2 Rxe5 21. h3
Bd7 22. Bf4 Re6 23. Rxe2 Rae8 24. Rae1 Nb7 25. Rxe6 Rxe6 26. Rxe6 Bxe6 27. h4
Kf8 28. Kf3 Ke7 29. b3 Kd7 30. Na4 c5 31. c4 Kc6 32. Ke3 f6 33. d4 cxd4+ 34.
Kxd4 g5 35. hxg5 hxg5 36. Bb8 a6 37. Nc3 Nc5 38. Nd5 Nd7 39. Ne7+ Kb7 40. Bd6
Nb6 41. Bb4 Nd7 42. Nd5 f5 43. Bd2 f4 44. gxf4 gxf4 45. Bxf4 Nb6 46. Ne7 Nc8
47. Nd5 Nb6 48. Nc3 Kc6 49. a4 Bf7 50. a5 Nc8 51. b4 Bh5 52. Bg3 Be8 53. Ne4
Kb7 54. Kc5 Bc6 55. Ng5 Bg2 56. Nf7 Bf3 57. Nd8+ Ka8 58. b5 Be2 59. b6 Bf3 60.
Bd6 Bg2 61. Bf8 Bf3 62. Kd4 Bg2 63. c5 Bh3 64. c6 1-0

[Event "Championnat de France Junior"]
[Site "CALVI"]
[Date "2005.04.20"]
[Round "5.2"]
[White "Terrieux, Kevin"]
[Black "Fargere, Francois"]
[Result "1/2-1/2"]
[WhiteElo "2300"]
[BlackElo "2259"]
[PlyCount "42"]
[EventDate "2005.??.??"]
[SourceDate "2005.04.17"]

1. d4 d5 2. c4 c6 3. cxd5 cxd5 4. Nf3 Nf6 5. Nc3 Nc6 6. Bf4 Nh5 7. Bg5 h6 8.
Bh4 g5 9. Bg3 Bg7 10. e3 Nxg3 11. hxg3 e6 12. Bb5 O-O 13. Nd2 Ne7 14. Rc1 f5
15. f4 g4 16. Be2 Bd7 17. Nb3 b6 18. Kf2 Nc8 19. Nb5 Bxb5 20. Bxb5 Nd6 21. Bd3
Rc8 1/2-1/2